000 00876nam a2200217Ia 4500
003 GCL
008 140319s9999 xx 000 0 ara d
040 _aGCL /
_cGCL
082 0 4 _a969.2
_bر ج
100 1 _aالمعهد الالمانى للابحاث الشرقي
245 1 0 _aجزر اسلامية على شاطى افريقية الشرقية: وهو تاريخ عربى حول جزر القمر يرجع الى القرن التاسع عشر /
_cالمعهد الالمانى للابحاث الشرقي
700 1 _aروتر، جونوت
260 _a[S.N] :
_bدار النشر فرانز شتايز بفيسبادن ،
_c1976
300 _a222 ص
490 _aسلسلة نصوص ادبية
_v0
650 0 4 _aالتاريخ
650 0 4 _aافريقيا
650 0 4 _aجزر القمر
650 0 4 _aالاسلام فى افريقيا
942 _2ddc
_cBK
999 _c36054
_d36054